[Event "Zagreb Open 2010 Grupo B"]
[Site "Zagreb CRO"]
[Date "2010.03.03"]
[Round "8.14"]
[White "Zeèeviæ, Dean"]
[Black "Okroša, Marijan"]
[Result "1-0"]
[WhiteElo "2213"]
[BlackElo "2095"]
[PlyCount "35"]
[EventDate "2010.02.25"]
[EventType "swiss"]
[EventRounds "9"]
[EventCountry "CRO"]
[Source "lmi"]
[SourceDate "2010.02.25"]

1. e4 e6 2. d4 d5 3. Nc3 Nf6 4. Bd3 dxe4 5. Nxe4 Be7 6. Nf3 Nbd7 7. Qe2 O-O 8.
O-O b6 9. Nxf6+ Nxf6 10. Bg5 Bb7 11. Rad1 a6 12. c4 b5 13. b3 Bb4 14. Rfe1 c6
15. Ne5 a5 16. Qf3 Qc8 17. Qh3 g6 18. Qh4 1-0

[Event "Zagreb Open 2010 Grupo B"]
[Site "Zagreb CRO"]
[Date "2010.03.03"]
[Round "8.15"]
[White "Ivekoviæ, Božidar Jr"]
[Black "Šribar, Peter"]
[Result "1/2-1/2"]
[WhiteElo "2042"]
[BlackElo "2199"]
[PlyCount "71"]
[EventDate "2010.02.25"]
[EventType "swiss"]
[EventRounds "9"]
[EventCountry "CRO"]
[Source "lmi"]
[SourceDate "2010.02.25"]

1. e4 b6 2. d4 Bb7 3. Nc3 e6 4. Nf3 Bb4 5. Bd3 c5 6. Bd2 cxd4 7. Nb5 Be7 8. e5
Nc6 9. Nbxd4 f6 10. O-O Qc7 11. Nb5 Qb8 12. Bf4 Nh6 13. Bxh6 gxh6 14. Nd6+ Bxd6
15. exd6 Nd8 16. Re1 Nf7 17. Bb5 Kd8 18. Qd4 e5 19. Qg4 Qxd6 20. Rad1 Bd5 21.
Bc4 Qe6 22. Qxe6 dxe6 23. Rxd5+ exd5 24. Bxd5 Ke7 25. Bxa8 Rxa8 26. Rd1 Rc8 27.
c3 Ke6 28. Kf1 Ng5 29. Ke2 Ne4 30. Ne1 h5 31. Nd3 Rg8 32. g3 h4 33. gxh4 Nd6
34. Ne1 Rg4 35. Nf3 Re4+ 36. Kf1 1/2-1/2

[Event "Zagreb Open 2010 Grupo B"]
[Site "Zagreb CRO"]
[Date "2010.03.03"]
[Round "8.16"]
[White "Frank, Vladimir"]
[Black "Križanoviæ, Zvonko"]
[Result "1-0"]
[WhiteElo "2194"]
[BlackElo "2065"]
[PlyCount "101"]
[EventDate "2010.02.25"]
[EventType "swiss"]
[EventRounds "9"]
[EventCountry "CRO"]
[Source "lmi"]
[SourceDate "2010.02.25"]

1. Nf3 c5 2. c4 g6 3. Nc3 Bg7 4. d4 cxd4 5. Nxd4 Nc6 6. Nc2 Qa5 7. Bd2 Nf6 8.
e4 O-O 9. Be2 d6 10. O-O Qb6 11. b3 Nd4 12. Be3 Nxe2+ 13. Qxe2 Qc7 14. f3 b6
15. Rac1 Bb7 16. Nd5 Nxd5 17. cxd5 Qd7 18. Nd4 Rfc8 19. a4 Rxc1 20. Rxc1 Rc8
21. Nb5 Rxc1+ 22. Bxc1 a6 23. Na3 Qc7 24. Qc4 Qc5+ 25. Qxc5 bxc5 26. Nc4 Kf8
27. Bb2 Bxb2 28. Nxb2 e6 29. dxe6 fxe6 30. Kf2 Ke7 31. Ke3 d5 32. e5 d4+ 33.
Kf4 Kd7 34. Nd3 Kc6 35. Kg5 Kd5 36. Kf6 c4 37. Nf4+ Kc5 38. Nxe6+ Kb4 39. Nxd4
cxb3 40. e6 Bc8 41. Nxb3 Kxb3 42. f4 Kxa4 43. g4 Kb5 44. f5 Kc6 45. Ke5 gxf5
46. gxf5 Kc7 47. Kf6 Kd6 48. Kf7 a5 49. e7 Bd7 50. f6 a4 51. e8=Q 1-0

[Event "Zagreb Open 2010 Grupo B"]
[Site "Zagreb CRO"]
[Date "2010.03.03"]
[Round "8.17"]
[White "Spelec, Darko"]
[Black "Starèeviæ, Krešimir"]
[Result "1-0"]
[WhiteElo "2000"]
[BlackElo "2170"]
[PlyCount "77"]
[EventDate "2010.02.25"]
[EventType "swiss"]
[EventRounds "9"]
[EventCountry "CRO"]
[Source "lmi"]
[SourceDate "2010.02.25"]

1. e4 c5 2. Nf3 Nc6 3. d3 g6 4. g3 Bg7 5. Bg2 b5 6. O-O e6 7. Nbd2 Nge7 8. h3
O-O 9. Re1 d6 10. Nf1 Rb8 11. g4 b4 12. Ng3 a5 13. g5 Nd4 14. Nxd4 Bxd4 15. Ne2
Bg7 16. f4 e5 17. Rf1 exf4 18. Nxf4 Nc6 19. Nd5 Bd4+ 20. Kh1 f6 21. gxf6 Bxf6
22. Rxf6 Rxf6 23. Bg5 Rf1+ 24. Qxf1 Qxg5 25. Nf6+ Kh8 26. Nxh7 Qe7 27. Nf6 Bxh3
28. Qf4 Bxg2+ 29. Kxg2 Kg7 30. Rh1 Qxf6 31. Rh7+ Kxh7 32. Qxf6 Nd4 33. Kg3 Rc8
34. Kg4 a4 35. Kg5 Rg8 36. Qxd6 a3 37. Qh2+ Kg7 38. Qc7+ Kf8 39. Kf6 1-0

[Event "Zagreb Open 2010 Grupo B"]
[Site "Zagreb CRO"]
[Date "2010.03.03"]
[Round "8.18"]
[White "Draganiæ, Stjepan"]
[Black "Kukina, Mario"]
[Result "1/2-1/2"]
[WhiteElo "2162"]
[BlackElo "1937"]
[PlyCount "63"]
[EventDate "2010.02.25"]
[EventType "swiss"]
[EventRounds "9"]
[EventCountry "CRO"]
[Source "lmi"]
[SourceDate "2010.02.25"]

1. d4 d5 2. Bf4 Nf6 3. e3 c6 4. c3 Bf5 5. Bd3 Bg6 6. Qc2 e6 7. Nf3 Bd6 8. Bg3
Ne4 9. Nbd2 Nxg3 10. hxg3 Bxd3 11. Qxd3 h6 12. e4 dxe4 13. Nxe4 Be7 14. Ne5 Nd7
15. f4 f5 16. Nf2 Nxe5 17. fxe5 Qd5 18. Qf3 Qxf3 19. gxf3 Kf7 20. Ke2 h5 21. b4
g5 22. a4 g4 23. fxg4 hxg4 24. Nd3 Bg5 25. a5 b6 26. Nf2 Rxh1 27. Rxh1 bxa5 28.
bxa5 Rb8 29. Rh7+ Kg6 30. Rxa7 Rb2+ 31. Kf1 Rb1+ 32. Ke2 1/2-1/2

[Event "Zagreb Open 2010 Grupo B"]
[Site "Zagreb CRO"]
[Date "2010.03.03"]
[Round "8.19"]
[White "Ivanov, Borislav"]
[Black "Toliæ, Mato"]
[Result "1-0"]
[WhiteElo "2128"]
[BlackElo "2042"]
[PlyCount "61"]
[EventDate "2010.02.25"]
[EventType "swiss"]
[EventRounds "9"]
[EventCountry "CRO"]
[Source "lmi"]
[SourceDate "2010.02.25"]

1. d4 Nf6 2. c4 g6 3. Nc3 Bg7 4. e4 d6 5. Nf3 O-O 6. Be2 Nc6 7. O-O e5 8. d5
Ne7 9. Nd2 h6 10. b4 Nd7 11. a4 f5 12. c5 Nf6 13. f3 f4 14. Ba3 g5 15. b5 Ng6
16. a5 Rf7 17. b6 axb6 18. axb6 dxc5 19. Bxc5 Rxa1 20. Qxa1 Nd7 21. bxc7 Qxc7
22. Bf2 Bf8 23. Nb5 Qc2 24. Qc1 Qa2 25. Bc4 Qa5 26. d6 Nb6 27. Bxf7+ Kxf7 28.
Qc7+ Bd7 29. Nc3 Ke6 30. Bxb6 Qa6 31. Qc4+ 1-0

[Event "Zagreb Open 2010 Grupo B"]
[Site "Zagreb CRO"]
[Date "2010.03.03"]
[Round "8.20"]
[White "Livaiæ, Damir"]
[Black "Stoèko, Josip"]
[Result "0-1"]
[WhiteElo "2059"]
[BlackElo "2194"]
[PlyCount "88"]
[EventDate "2010.02.25"]
[EventType "swiss"]
[EventRounds "9"]
[EventCountry "CRO"]
[Source "lmi"]
[SourceDate "2010.02.25"]

1. d4 Nf6 2. Nf3 g6 3. g3 Bg7 4. Bg2 d6 5. O-O Nbd7 6. a4 O-O 7. a5 Rb8 8. Na3
e5 9. dxe5 dxe5 10. Nc4 Qe7 11. Be3 a6 12. h3 Rd8 13. Qc1 e4 14. Nh2 Re8 15.
Bh6 Qc5 16. Bxg7 Kxg7 17. b3 Ne5 18. Qe3 Qb5 19. Nd2 Nc6 20. Ra4 Nd5 21. Qg5
Nc3 22. Qxb5 axb5 23. Raa1 Nxe2+ 24. Kh1 e3 25. fxe3 Nxg3+ 26. Kg1 Nxf1 27.
Nhxf1 Nb4 28. Kf2 c6 29. c3 Nd3+ 30. Kg3 Bf5 31. b4 Nb2 32. Nb3 Na4 33. Rc1 Bd3
34. Kf2 Re5 35. Nfd2 Rbe8 36. e4 f5 37. exf5 Re2+ 38. Kg3 Bxf5 39. Bf3 R2e3 40.
c4 bxc4 41. Rxc4 Be6 42. Nc5 Bxc4 43. Nxc4 Nxc5 44. bxc5 Rc3 0-1